00873nam a2200217 i 450000100060000000300090000600500170001500700030003200800410003510000320007624502700010825000150037826000370039330000410043060000360047170000200050770000420052770000260056970000290059585200310062471068ES-MaACL20250823063041.0t|040805s1974 sp ||||1| spa d1 aGassier, Pierre,d1915-200010aVida y obra de Francisco Goya b: reproducción de su obra completa, pinturas, dibujos y grabados / cpor Pierre Gassier y Juliet Wilson : prefacio de Enrique Lafuente Ferrari ; edición dirigida por François Lachenal ; [traducción de Dolores Sánchez Aleu]. a[1ª ed.]. aBarcelona : bJuventud, c[1974] a400 p., 12 lám. : bil. ; c34 cm.14aGoya, Francisco de, d1746-18281 aWilson, Juliet.1 aLafuente Ferrari, Enrique,d1898-19851 aLachenal, François.1 aSánchez Aleu, Dolores. aES-MaACLjE-8776 bR.93063